La guerra y la paz / (Record no. 135220)

MARC details
000 -LEADER
campo de control de longitud fija 00789nam a2200241 i 4500
001 - NÚMERO DE CONTROL
campo de control 135220
003 - IDENTIFICADOR DE NÚMERO DE CONTROL
campo de control ES-MaACL
005 - FECHA Y HORA DE LA ÚLTIMA TRANSACCIÓN
campo de control 20240126063011.0
007 - CAMPO FIJO DE DESCRIPCIÓN FÍSICA--INFORMACIÓN GENERAL
campo de control de longitud fija t|
008 - DATOS DE LONGITUD FIJA--INFORMACIÓN GENERAL
campo de control de longitud fija 070712s1956 sp ||||1| spa d
080 ## - NÚMERO DE LA CLASIFICACIÓN DECIMAL UNIVERSAL
Número de la Clasificación Decimal Universal 882-31"18"
100 1# - ENTRADA PRINCIPAL--NOMBRE DE PERSONA
Nombre de persona Tolstói, Lev,
Fechas asociadas al nombre 1828-1910
9 (RLIN) 110489
245 13 - MENCIÓN DEL TÍTULO
Título La guerra y la paz /
Mención de responsabilidad, etc. Lev Nikolaevich Tolstoï ; [traducción directa del ruso por Serge T. Baranov y N. Balmanya ; introducción y notas de Luis de Castresana.
250 ## - MENCION DE EDICION
Mención de edición [1ª ed.].
260 ## - PUBLICACIÓN, DISTRIBUCIÓN, ETC.
Lugar de publicación, distribución, etc. Barcelona :
Nombre del editor, distribuidor, etc. A. H. R.,
Fecha de publicación, distribución, etc. [1956]
300 ## - DESCRIPCIÓN FÍSICA
Extensión 2 t. :
Otras características físicas il. ;
Dimensiones 22 cm.
500 ## - NOTA GENERAL
Nota general Ret. del autor.
700 1# - ENTRADA AGREGADA--NOMBRE PERSONAL
Nombre de persona Baranov, Serge T.
9 (RLIN) 25322
700 1# - ENTRADA AGREGADA--NOMBRE PERSONAL
Nombre de persona Balmanya, N.
9 (RLIN) 25094
700 1# - ENTRADA AGREGADA--NOMBRE PERSONAL
Nombre de persona Castresana, Luis.
9 (RLIN) 36805
852 ## - LOCALIZACIÓN
Ubicación ES-MaACL
Número de control de estantería C-10296-7
Sublocalización o colección R.38753
Holdings
Estatus retirado Estado de pérdida Estado de daño No para préstamo Biblioteca de origen Biblioteca actual Ubicación en estantería Fecha de adquisición Fuente de adquisición Total de préstamos Signatura topográfica completa Código de barras Visto por última vez Precio de reemplazo Tipo de ítem Koha
        Biblioteca del Ateneo de Madrid Biblioteca del Ateneo de Madrid Sala Palomar 17/01/2008     C-10296-7 1140740 23/02/2023 23/02/2023 Libro impreso